Sports Quiz

Random Sports or College Quiz
Score 0/20 Timer 07:00
1 Play Today
Hint Answer % Correct
CityParadise
84.2%
NicknameRebels
83.8%
ConferenceMWC
69.1%
Team ColorScarlet
48.3%
Famous Alum: 3B Matt _____ Williams
43.6%
Basketball ArenaThomas & Mack Center
30.9%
Primary RivalNevada
26.1%
Team ColorGray
25.5%
No. of Men's Varsity Sports7
25.3%
No. of Women's Varsity Sports9
24.7%
Hint Answer % Correct
Famous Alum: SG/PG _____ TheusReggie
23.8%
StateNevada
19.4%
Sport w/ most NCAA ChampionshipsBasketball/Golf (1)
19.4%
Famous Alum: SF/PF _____ MarionShawn
19.3%
Football StadiumAllegiant Stadium
16.4%
Famous Alum: QB _____ CunninghamRandall
16%
Fight SongWin with the Rebels
11.9%
MascotHey Reb!
8%
Athletic DirectorDesiree Reed-Francois
7.4%
Baseball StadiumEarl Wilson Stadium
6.4%
Remove Ads.
Support Sporcle.
Get the best of Sporcle when you Go Orange. This ad-free experience offers more features, more stats, and more fun while also helping to support Sporcle. Thank you for becoming a member.

You're not logged in!

Compare scores with friends on all Sporcle quizzes.
OR
Log In

Show Comments

Extras

Top Quizzes Today


Score Distribution

Your Account Isn't Verified!

In order to create a playlist on Sporcle, you need to verify the email address you used during registration. Go to your Sporcle Settings to finish the process.

Report this User

Report this user for behavior that violates our Community Guidelines.

Details: